[Event "Wch U12"]
[Site "Batumi"]
[Date "2022.09.20"]
[Round "5"]
[White "Zhukenov, Amir"]
[Black "Nava Cahuana, Rico Sheng Ling"]
[Result "0-1"]
[WhiteElo "1157"]
[BlackElo "1107"]
[PlyCount "42"]
[EventDate "2022.09.16"]
[EventType "swiss"]
[EventRounds "11"]
[EventCountry "GEO"]
[SourceTitle "EXT 2023"]
[Source "ChessBase"]
[SourceDate "2022.10.05"]
[SourceVersion "1"]
[SourceVersionDate "2022.10.05"]
[SourceQuality "1"]

1. e4 e5 2. Nf3 Nc6 3. Bc4 Nf6 4. d3 Bc5 5. Nbd2 d6 6. h3 Na5 7. Bb3 Nxb3 8. axb3 0-0 9. Nf1 d5 10. Qe2 dxe4 11. dxe4 h6 12. Bd2 Qd6 13. 0-0-0 Rd8 14. Kb1 a5 15. g4 a4 16. bxa4 Rxa4 17. Ng3 Qb6 18. Bc3 Rf8 19. Nd2 Be6 20. Nf5 Rd8 21. Nb3 Rda8 0-1